000 00280nam a2200121 i 4500
001 bg
245 0 _aKrzepnięcie metali i stopów :
_bpraca zbiorowa.
260 _aWrocław,
_c1985.
040 _cBPK
041 _apol
942 _cKS
008 s pl f |000 0 pol
999 _c28152
_d28152
856 _uhttp://koha.tu.koszalin.pl/cgi-bin/koha/opac-detail.pl?biblionumber=28152
_yKatalog online BPK